000 00496nam a2200205Ia 4500
999 _c60316
_d60316
003 0100
005 20170718085652.0
008 130303s9999 xx 000 0 und d
040 _cARRUPELIB
050 _aB792.C9 1889
100 _aCousin, Victor M
_933099
245 _aCourse of the history of Modern philosophy
245 _bcours of the history
260 _bD. Appleton
_aNew York
_c1889
300 _a439p.
300 _b 22cm.
650 _aPhilosophy, modern
_xHistory
_97683
650 _aPhilosophy
_xHistory
_91338
942 _2lcc
_01
_cMONOGRAPH